000
00303nam a2200133Ia 4500
008
220216s9999 xx 000 0 und d
100
_a
Standring H
245
0
_a
Rubber toys
260
_b
IRI Transactions
_c
1927
300
_a
198-202
650
_a
Gutta percha
650
_a
Rubber toys
942
_c
JS
999
_c
68077
_d
68077